57_四国地方の市町村(ひらがな対応・五十音順) - Statistics

General Stats
  • This quiz has been taken 29 times
  • The average score is 79 of 95
Answer Stats
種類 都道府県名 市町村名 % Correct
香川県 さぬき市
100%
徳島県 鳴門市
100%
愛媛県 松山市
100%
愛媛県 愛南町
95%
徳島県 阿波市
95%
愛媛県 今治市
95%
愛媛県 伊予市
95%
愛媛県 宇和島市
95%
高知県 香美市
95%
高知県 高知市
95%
徳島県 小松島市
95%
愛媛県 西条市
95%
愛媛県 四国中央市
95%
高知県 宿毛市
95%
香川県 高松市
95%
徳島県 徳島市
95%
高知県 土佐市
95%
高知県 土佐清水市
95%
高知県 土佐町
95%
愛媛県 新居浜市
95%
香川県 丸亀市
95%
徳島県 三好市
95%
高知県 室戸市
95%
徳島県 藍住町
91%
徳島県 阿南市
91%
徳島県 板野町
91%
香川県 宇多津町
91%
愛媛県 大洲市
91%
香川県 観音寺市
91%
愛媛県 久万高原町
91%
香川県 坂出市
91%
高知県 四万十市
91%
高知県 四万十町
91%
香川県 小豆島町
91%
高知県 須崎市
91%
香川県 多度津町
91%
高知県 南国市
91%
香川県 東かがわ市
91%
香川県 まんのう町
91%
香川県 三豊市
91%
徳島県 牟岐町
91%
愛媛県 八幡浜市
91%
徳島県 吉野川市
91%
高知県 安芸市
86%
香川県 綾川町
86%
愛媛県 伊方町
86%
愛媛県 内子町
86%
香川県 琴平町
86%
徳島県 佐那河内村
86%
愛媛県 西予市
86%
香川県 善通寺市
86%
愛媛県 東温市
86%
愛媛県 砥部町
86%
高知県 奈半利町
86%
徳島県 東みよし町
86%
愛媛県 松野町
86%
高知県 いの町
82%
高知県 馬路村
82%
徳島県 海陽町
82%
愛媛県 鬼北町
82%
高知県 東洋町
82%
香川県 土庄町
82%
香川県 直島町
82%
香川県 三木町
82%
高知県 大月町
77%
愛媛県 上島町
77%
高知県 北川村
77%
高知県 香南市
77%
愛媛県 松前町
77%
徳島県 松茂町
77%
徳島県 美馬市
77%
高知県 檮原町
77%
高知県 大豊町
73%
高知県 黒潮町
73%
高知県 芸西村
73%
徳島県 那賀町
73%
高知県 仁淀川町
73%
高知県 三原村
73%
高知県 大川村
68%
徳島県 勝浦町
68%
徳島県 上勝町
68%
徳島県 北島町
68%
高知県 田野町
68%
徳島県 つるぎ町
68%
徳島県 石井町
64%
徳島県 上板町
64%
高知県 中土佐町
64%
徳島県 美波町
64%
徳島県 神山町
59%
高知県 津野町
59%
高知県 本山町
59%
高知県 安田町
59%
高知県 佐川町
55%
高知県 越知町
50%
高知県 日高村
50%
No matching quizzes found
Score Distribution
Percent of People with Each Score
Percentile by Number Answered
Your Score History
You have not taken this quiz